[Event "Barcelos op"]
[Site "Barcelos"]
[Date "2010.01.21"]
[Round "3"]
[White "Oliveira, Manuel Jorge Pinho"]
[Black "Alves, Jose"]
[Result "1/2-1/2"]
[WhiteElo "1500"]
[BlackElo "1450"]
[PlyCount "58"]
[EventDate "2010.01.14"]
[EventType "swiss"]
[EventRounds "5"]
[EventCountry "POR"]
[SourceTitle "EXT 2012"]
[Source "ChessBase"]
[SourceDate "2011.11.24"]
[SourceVersion "1"]
[SourceVersionDate "2011.11.24"]
[SourceQuality "1"]

1. e4 e5 2. Nf3 Nc6 3. Bc4 Nh6 4. c3 Bc5 5. d4 exd4 6. cxd4 Bb4+ 7. Nc3 Ng4 8. 0-0 Bd6 9. d5 Nxh2 10. Nxh2 Bxh2+ 11. Kxh2 Ne5 12. Qh5 d6 13. Be2 g6 14. Qh6 Bg4 15. Qg7 Qh4+ 16. Kg1 Ke7 17. Qh6 Qxh6 18. Bxh6 Bxe2 19. Nxe2 f5 20. exf5 gxf5 21. Rae1 Kd7 22. f4 Ng4 23. Bg5 Ne3 24. Rf3 Nxd5 25. Rg3 Rhe8 26. Kf2 Re4 27. Bh6 Ke6 28. Bg7 Kd7 29. Bd4 Rae8 1/2-1/2